Test: À quel point connait tu le football? - Statistiques

Statistiques générales
  • Ce quiz a été pris 642 fois
  • Le résultat moyen est 11 sur 21
Statistiques - réponses
Réponse % Correct
Lionel Messi
99%
Brésil
97%
Karim Benzema
97%
Qatar
96%
Croatie
94%
Mbappé
83%
Maroc
82%
Zinédine Zidane
81%
1930
78%
Pelé
63%
Lionel Scaloni
44%
Gianni Infantino
41%
Etats-Unis
37%
Brésil
36%
Neymar
31%
Neymar
27%
Neymar
18%
CONMEBOL
11%
Bruna Biancardi
4%
top eleven
1%
6,175 kilogrammes
0%
Aucun quiz correspondant
Distribution des résultats
% des personnes avec chaque résultat
Percentile par nombre de réponses
Votre historique - résultats
Vous n’avez pas pris ce quiz